Algorithms in C++ / (Record no. 18997)

000 -LEADER
fixed length control field 00479pam a2200169 a 4500
020 ## - INTERNATIONAL STANDARD BOOK NUMBER
ISBN 0201510596
040 ## - CATALOGING SOURCE
Transcribing agency DLC
082 00 - DEWEY DECIMAL CLASSIFICATION NUMBER
Classification number 005 ADD 1992 C157 Or.
100 1# - MAIN ENTRY--AUTHOR NAME
Personal name Sedgewick, Robert,
245 10 - TITLE STATEMENT
Title Algorithms in C++ /
260 ## - PUBLICATION, DISTRIBUTION, ETC. (IMPRINT)
Place of publication Reading, Mass. :
Name of publisher Addison-Wesley Pub. Co.,
Year of publication c1992
300 ## - PHYSICAL DESCRIPTION
Number of Pages xiv, 656 p. :
Other physical details ill. ;
Dimensions 25 cm
500 ## - GENERAL NOTE
General note Rev. ed. of: Algorithms in C. c1990
650 #0 - SUBJECT ADDED ENTRY--TOPICAL TERM
Topical Term C++ (Computer program language)
700 11 - ADDED ENTRY--PERSONAL NAME
Personal name Sedgewick, Robert,
942 ## - ADDED ENTRY ELEMENTS (KOHA)
Koha item type ADB
952 ## - LOCATION AND ITEM INFORMATION (KOHA)
Withdrawn status [LOCAL, KOHA] 0
Holdings
Source of acquisition Permanent Location Date acquired Koha item type Lost status Shelving location Current Location Full call number
A33211Library Block C2020-02-19សៀវភៅភាសាអង់គ្លេស C157Library Block C005 ADD 1992 C157 Or.
មជ្ឈមណ្ឌលឯការនៃសាកលវិទ្យាល័យភូមិន្ទកសិកម្មចំការដូង

Powered by Koha